| 000 | 00964cam a22002533a 4500 | ||
|---|---|---|---|
| 001 | 5706 | ||
| 003 | PGUSA | ||
| 005 | 20140828083123.0 | ||
| 008 | 040501s2004||||xxu|||||s|||||000 | eng d | ||
| 040 |
_aPGUSA _beng |
||
| 042 | _adc | ||
| 050 | 4 | _aPS | |
| 100 | 1 |
_aBurroughs, John, _d1837-1921 |
|
| 245 | 1 | 0 |
_aTime and Change _h[electronic resource] / _cJohn Burroughs |
| 260 |
_bProject Gutenberg, _c2004 |
||
| 505 | 0 | _aThe long road -- The divine abyss -- The spell of the Yosemite -- Through the eyes of the geologist -- Holidays in Hawaii -- The old ice flood -- The friendly soil -- Primal energies -- Scientific faith -- "The worm striving to be man." -- The phantoms behind us -- The hazards of the past -- The gospel of nature. | |
| 506 | _aPublic domain in the USA. | ||
| 516 | _aElectronic text | ||
| 653 | _aEvolution | ||
| 653 | _aGeology | ||
| 830 | 0 |
_aProject Gutenberg _v5706 |
|
| 856 | 4 | 0 | _uhttp://www.gutenberg.org/ebooks/5706 |
| 942 | _cEB | ||
| 999 |
_c235034 _d235034 |
||